Living with trees: policies for forest management in Zimbabwe (Record no. 82233)

MARC details
000 -LEADER
fixed length control field 01200nam a2200253 a 4500
008 - FIXED-LENGTH DATA ELEMENTS--GENERAL INFORMATION
fixed length control field 071129s1993 ||||||||||||||||| || u
020 ## - INTERNATIONAL STANDARD BOOK NUMBER
International Standard Book Number 0821325035
050 ## - LIBRARY OF CONGRESS CALL NUMBER
Classification number SD 644.Z35 Liv
100 ## - MAIN ENTRY--PERSONAL NAME
Personal name McNamara, K
245 10 - TITLE STATEMENT
Title Living with trees: policies for forest management in Zimbabwe
Statement of responsibility, etc. edited by P. N. Bradley; K. McNamara
260 ## - PUBLICATION, DISTRIBUTION, ETC.
Place of publication, distribution, etc. Washington, D.C.:
Name of publisher, distributor, etc. World Bank
Date of publication, distribution, etc. 1993
300 ## - PHYSICAL DESCRIPTION
Extent xvi, 329p.: ill.
350 ## -
-- 0.00
650 ## - SUBJECT ADDED ENTRY--TOPICAL TERM
Topical term or geographic name entry element FOREST POLICY--ZIMBABWE
650 ## - SUBJECT ADDED ENTRY--TOPICAL TERM
Topical term or geographic name entry element WOODLOTS--ZIMBABWE--MANAGEMENT
650 ## - SUBJECT ADDED ENTRY--TOPICAL TERM
Topical term or geographic name entry element FOREST MANAGEMENT--ZIMBABWE
650 ## - SUBJECT ADDED ENTRY--TOPICAL TERM
Topical term or geographic name entry element FORESTRY AND FORESTS--SOCIAL ASPECTS--ZIMBABWE
650 ## - SUBJECT ADDED ENTRY--TOPICAL TERM
Topical term or geographic name entry element TREE FARMS--ZIMBABWE--MANAGEMENT
650 ## - SUBJECT ADDED ENTRY--TOPICAL TERM
Topical term or geographic name entry element FORESTRY
700 ## - ADDED ENTRY--PERSONAL NAME
Personal name Bradley, P. N
995 ## -
-- BINDERY (DAMAGED)
-- 0.00
-- 734172
-- CBU-MAIN LIBRARY (Kitwe)
-- 1
-- 0.00
-- SD 664.Z55 Liv
-- 1
-- DAMAGED
-- May 19, 2006
-- 46401
-- Main Library Open Access Collection
995 ## -
-- SPECIAL COLLECTIONS
-- 0.00
-- 019915
-- CBU-MAIN LIBRARY (Kitwe)
-- 3
-- 0.00
-- IBRD(08)TP/210
-- AVAILABLE
-- 019915
-- International Publications
995 ## -
-- BINDERY (DAMAGED)
-- 0.00
-- 734544
-- CBU-MAIN LIBRARY (Kitwe)
-- 1
-- 0.00
-- SD 644.Z55 LIV
-- 1
-- DAMAGED
-- Nov 29, 2007
-- 48086
-- Main Library Open Access Collection
999 ## -
-- 82233
-- 82233

No items available.